Les modes de rémunération du travail / (Record no. 139880)

MARC details
000 -LEADER
campo de control de longitud fija 00854nam a2200229 4500
001 - NÚMERO DE CONTROL
campo de control 139880
003 - IDENTIFICADOR DE NÚMERO DE CONTROL
campo de control ES-MaACL
005 - FECHA Y HORA DE LA ÚLTIMA TRANSACCIÓN
campo de control 20250816063226.0
007 - CAMPO FIJO DE DESCRIPCIÓN FÍSICA--INFORMACIÓN GENERAL
campo de control de longitud fija t|
008 - DATOS DE LONGITUD FIJA--INFORMACIÓN GENERAL
campo de control de longitud fija 070214s1902 fr r ||||1| fre d
080 ## - NÚMERO DE LA CLASIFICACIÓN DECIMAL UNIVERSAL
Número de la Clasificación Decimal Universal 331.2
100 1# - ENTRADA PRINCIPAL--NOMBRE DE PERSONA
Nombre de persona Schloss, David F.
9 (RLIN) 104432
245 14 - MENCIÓN DEL TÍTULO
Título Les modes de rémunération du travail /
Mención de responsabilidad, etc. par David Schloss ; traduit, précédé d'une introduction, et augmenté de notes et d'appendices par Charles Rist.
260 ## - PUBLICACIÓN, DISTRIBUCIÓN, ETC.
Lugar de publicación, distribución, etc. Paris :
Nombre del editor, distribuidor, etc. V. Giard & E. Brière,
Fecha de publicación, distribución, etc. 1902 (
Lugar de fabricación/manufactura Saint Amant :
Fabricante Imp. Bussiere)
300 ## - DESCRIPCIÓN FÍSICA
Extensión XLVIII, 383 p. ;
Dimensiones 23 cm.
490 1# - MENCIÓN DE SERIE
Mención de serie Bibliothèque internationale d'économie politique
650 04 - PUNTO DE ACCESO ADICIONAL DE MATERIA--TÉRMINO DE MATERIA
Término de materia o nombre geográfico como elemento de entrada Salarios.
9 (RLIN) 16967
700 1# - ENTRADA AGREGADA--NOMBRE PERSONAL
Nombre de persona Rist, Charles.
9 (RLIN) 97471
830 00 - PUNTO DE ACCESO ADICIONAL DE SERIE-TÍTULO UNIFORME
Título uniforme Bibliothèque internationale d'économie politique
9 (RLIN) 181587
852 ## - LOCALIZACIÓN
Ubicación ES-MaACL
Número de control de estantería F-14103
Holdings
Estatus retirado Estado de pérdida Estado de daño No para préstamo Biblioteca de origen Biblioteca actual Ubicación en estantería Fecha de adquisición Fuente de adquisición Total de préstamos Signatura topográfica completa Código de barras Visto por última vez Precio de reemplazo Tipo de ítem Koha
        Biblioteca del Ateneo de Madrid Biblioteca del Ateneo de Madrid Sala Pecera Planta 2 17/01/2008     F-14103 1145562 23/02/2023 23/02/2023 Libro impreso